Every American Country by Shape - Statistics

General Stats
  • This quiz has been taken 37,337 times
  • The average score is 23 of 35
Answer Stats
Picture Answer % Correct
United States
98%
Canada
97%
Chile
97%
Mexico
96%
Brazil
95%
Argentina
93%
Cuba
92%
Panama
84%
Peru
83%
Colombia
76%
Haiti
74%
Bolivia
70%
Bahamas
69%
Venezuela
66%
Dominican Republic
65%
Trinidad and Tobago
64%
Guyana
63%
Nicaragua
63%
Belize
62%
Ecuador
62%
Costa Rica
59%
Guatemala
59%
Jamaica
59%
Paraguay
59%
Saint Kitts and Nevis
52%
El Salvador
51%
Saint Vincent and the Grenadines
51%
Antigua and Barbuda
50%
Uruguay
50%
Honduras
45%
Barbados
44%
Saint Lucia
44%
Grenada
43%
Suriname
42%
Dominica
40%
No matching quizzes found
Score Distribution
Percent of People with Each Score
Percentile by Number Answered
Your Score History
You have not taken this quiz